00662nam a2200205 a 450000100060000000300080000600500170001400800410003103500190007204000330009104100080012408200240013210000180015624501140017425000240028826000590031230000290037150000190040065000370041949752BD-RjUL20211209054726.0830118r19511941enka 000 0 eng  a(BD-RjUL)49872 aDLCcCarPdDLCdBD-RjULbeng aeng 223a371.7bDAP 19511 aDavies, M. B.10aPhysical training, games and athletics in schools :ba textbook for training college students /cM. B. Davies aCompletely rev. ed. aLondon :bG. Allen & Unwin ltd,c1941[Impression 1951] a360 p. :bill. ;c19 cm. aIncludes Index 0aPhysical education and training.